000 00380nam a22001697a 4500
005 20160627105651.0
008 160627b xxu||||| |||| 00| 0 eng d
020 _a978-0-00-713686-5
041 _aeng
082 _b10414
100 _aChristic, Agatha
_92855
245 _aCrooked House
260 _bHarper
_c2002
300 _a302
650 _aManagement
_9241
942 _cBK
999 _c4164
_d4163